Kematian pasti datang
| Main Author: | Al-Qarni, 'Aidh Abdullah, Dr |
|---|---|
| Published: |
Johor Bahru:
Perniagaan Jahabersa,
2009.
|
| Subjects: |
| LEADER | 00549cam a2200157 7i4500 | ||
|---|---|---|---|
| 001 | 0000038685 | ||
| 005 | 20110511090000.0 | ||
| 020 | |a 9789673081370 (hbk.) | ||
| 090 | 0 | 0 | |a BP166.815 |b .Q23 2009 |
| 100 | 1 | |a Al-Qarni, 'Aidh Abdullah, |c Dr | |
| 245 | 1 | 0 | |a Kematian pasti datang |c Dr. A'idh al-Qarni. |
| 260 | |a Johor Bahru: |b Perniagaan Jahabersa, |c 2009. | ||
| 300 | |a 261 p.; |c 26 cm. | ||
| 650 | 0 | 0 | |a Death -- |x Religious aspects -- |x Islam |
| 999 | |a 0000049704 |b BOK |c OPEN SHELF |e 1st Floor, Bestari Jaya | ||
| 999 | |a 0000049705 |b BOK |c OPEN SHELF |e 1st Floor, Shah Alam | ||


